[Event "40th Olympiad Women"]
[Site "Istanbul TUR"]
[Date "2012.09.03"]
[Round "6.13"]
[Board "3"]
[White "Klinova, Masha"]
[Black "Tohirjonova, Hulkar"]
[Result "1/2-1/2"]
[WhiteTitle "IM"]
[BlackTitle "WFM"]
[WhiteElo "2317"]
[BlackElo "2147"]
[WhiteTeam "Israel"]
[BlackTeam "Uzbekistan"]
[WhiteFideId "2802015"]
[BlackFideId "14202247"]
[EventDate "2012.08.28"]

1. e4 c6 2. d4 d5 3. Nc3 dxe4 4. Nxe4 Bf5 5. Ng3 Bg6 6. Nf3 Nd7 7. h4 h6 8. h5
Bh7 9. Bd3 Bxd3 10. Qxd3 e6 11. Bd2 Qc7 12. O-O-O O-O-O 13. Qe2 Bd6 14. Ne4 Bf4
15. Bxf4 Qxf4+ 16. Qe3 Qxe3+ 17. fxe3 Kc7 18. Nf2 Ngf6 19. c3 Rhe8 20. Nd3 Ne4
21. Rh4 Ndf6 22. Nfe5 Re7 23. Rf1 Ng5 24. c4 Nfe4 25. Nf3 Ng3 26. Re1 N5e4 27.
Rh3 f6 28. Kc2 a5 29. Nc5 b6 30. Nxe4 Nxe4 1/2-1/2

[Event "40th Olympiad Women"]
[Site "Istanbul TUR"]
[Date "2012.09.03"]
[Round "6.13"]
[Board "4"]
[White "Nadirjanova, Nodira"]
[Black "Shvayger, Yuliya"]
[Result "1-0"]
[BlackTitle "WFM"]
[WhiteElo "2185"]
[BlackElo "2202"]
[WhiteTeam "Uzbekistan"]
[BlackTeam "Israel"]
[WhiteFideId "14201232"]
[BlackFideId "14100126"]
[EventDate "2012.08.28"]

1. d4 Nf6 2. c4 g6 3. Nc3 d5 4. cxd5 Nxd5 5. Bd2 Bg7 6. e4 Nb6 7. Be3 O-O 8. h3
f5 9. exf5 Bxf5 10. Nf3 Nc6 11. Qb3+ Kh8 12. d5 Ne5 13. Nd4 a5 14. a4 Qd6 15.
Ncb5 Qb4+ 16. Qxb4 axb4 17. Nxc7 Rxa4 18. Rc1 Nbd7 19. Nce6 Rfa8 20. Nxf5 gxf5
21. Nxg7 f4 22. Bxf4 Kxg7 23. Be2 Ra2 24. Rb1 R8a5 25. Bd2 Rxb2 26. Rxb2 Ra1+
27. Bd1 Nd3+ 28. Ke2 Nxb2 29. Bxb4 Nf6 30. d6 Nd5 31. dxe7 Ra8 32. Bd2 Re8 33.
Bb3 Rxe7+ 34. Kf3 Nf6 35. Rb1 Nd3 36. Be3 b5 37. Bc2 Ne5+ 38. Ke2 Rb7 39. Bd4
Nc6 40. Ba1 b4 41. g4 Kf7 42. g5 Nh5 43. Bxh7 b3 44. Be4 1-0

[Event "40th Olympiad Women"]
[Site "Istanbul TUR"]
[Date "2012.09.03"]
[Round "6.14"]
[Board "2"]
[White "Rozic, Vesna"]
[Black "Nikolova, Adriana"]
[Result "1/2-1/2"]
[WhiteTitle "WIM"]
[BlackTitle "WGM"]
[WhiteElo "2260"]
[BlackElo "2299"]
[WhiteTeam "Slovenia"]
[BlackTeam "Bulgaria"]
[WhiteFideId "14604000"]
[BlackFideId "2908689"]
[EventDate "2012.08.28"]

1. d4 d5 2. c4 c6 3. Nf3 Nf6 4. Qc2 dxc4 5. Qxc4 Bf5 6. g3 e6 7. Bg2 Nbd7 8. O-O
Be7 9. e3 O-O 10. Rd1 h6 11. Nc3 Ne4 12. Ne1 Nxc3 13. bxc3 Qc7 14. Qe2 Bg6 15.
e4 Rfe8 16. Kh1 c5 17. Be3 Rab8 18. Nd3 Qc6 19. f3 b5 20. Nf4 Bh7 21. Qf2 Rec8
22. d5 exd5 23. Nxd5 Bf8 24. f4 Nb6 25. f5 Rd8 26. Bf4 Rbc8 27. Ne3 c4 28. Qe2
a5 29. e5 Qc5 30. g4 b4 31. Qc2 g5 32. fxg6 fxg6 33. Be4 Bg7 34. e6 Bxc3 35.
Bxg6 Qe7 36. Bf7+ Kg7 37. Nf5+ Bxf5 38. gxf5 Qb7+ 39. Kg1 Qf3 40. f6+ Kh8 41. e7
Rd3 42. Rxd3 cxd3 43. Qg2 Qxg2+ 44. Kxg2 Bxa1 45. e8=Q+ Rxe8 46. Bxe8 Bxf6 47.
Bg6 Nd5 48. Bxh6 Nc3 49. Bxd3 Nxa2 50. Bc2 Nc3 51. Bd2 Nb5 52. Be3 Nc3 53. Bd2
Nd5 54. Kf3 Kg7 55. Ke4 Nb6 56. Kd3 Kf7 57. Be3 Nc8 58. Kc4 Nd6+ 59. Kd5 Nc8 1/2-1/2

[Event "40th Olympiad Women"]
[Site "Istanbul TUR"]
[Date "2012.09.03"]
[Round "6.14"]
[Board "3"]
[White "Voiska, Margarita"]
[Black "Krivec, Jana"]
[Result "1/2-1/2"]
[WhiteTitle "WGM"]
[BlackTitle "WGM"]
[WhiteElo "2281"]
[BlackElo "2240"]
[WhiteTeam "Bulgaria"]
[BlackTeam "Slovenia"]
[WhiteFideId "2900602"]
[BlackFideId "14601982"]
[EventDate "2012.08.28"]

1. d4 Nf6 2. Nf3 g6 3. g3 d5 4. Bg2 Bg7 5. O-O O-O 6. c4 c6 7. Qb3 a5 8. Bf4 Ne4
9. cxd5 cxd5 10. Nc3 Nxc3 11. Qxc3 Nc6 12. Ne5 Nxe5 13. Bxe5 Be6 14. Bxg7 Kxg7
15. Rfc1 Qb6 16. e3 Rfc8 17. Qb3 Qxb3 18. axb3 Rxc1+ 19. Rxc1 a4 20. Ra1 b5 21.
Bf3 Rb8 22. bxa4 bxa4 23. Rxa4 Rxb2 24. h4 Rb7 25. Ra5 Rd7 26. g4 h6 27. Kg2 g5
28. Kg3 f6 29. Bg2 Bf7 30. f4 gxf4+ 31. Kxf4 e6 32. Ra6 Re7 1/2-1/2

[Event "40th Olympiad Women"]
[Site "Istanbul TUR"]
[Date "2012.09.03"]
[Round "6.14"]
[Board "4"]
[White "Srebrnic, Ana"]
[Black "Raeva, Elitsa"]
[Result "1/2-1/2"]
[WhiteTitle "WGM"]
[BlackTitle "WIM"]
[WhiteElo "2211"]
[BlackElo "2313"]
[WhiteTeam "Slovenia"]
[BlackTeam "Bulgaria"]
[WhiteFideId "14603314"]
[BlackFideId "2906660"]
[EventDate "2012.08.28"]

1. Nf3 Nf6 2. c4 c5 3. Nc3 d5 4. cxd5 Nxd5 5. g3 Nc6 6. Bg2 Nc7 7. O-O e5 8. d3
Be7 9. Be3 O-O 10. Rc1 Rb8 11. Na4 b6 12. a3 Bd7 13. Bd2 Qe8 14. Nc3 Kh8 15. e4
Be6 16. Ng5 Bxg5 17. Bxg5 f6 18. Be3 Rd8 19. Qc2 Qf7 20. Qb1 Bb3 21. Ne2 Rd7 22.
Rce1 Rfd8 23. Nc1 Nb5 24. f4 Nbd4 25. Rf2 a5 26. Bf1 a4 27. f5 Qh5 28. Nxb3 axb3
29. Qd1 Qxd1 30. Rxd1 Nc2 31. Bd2 h6 32. Rc1 c4 33. Bc3 cxd3 34. Rd2 b5 35. Kf2
g6 36. fxg6 Kg7 37. Rcd1 b4 38. axb4 N6xb4 39. Bxb4 Nxb4 40. Rc1 Nc2 41. Rcd1
Kxg6 42. Rxd3 Rxd3 43. Rxd3 Nd4 44. Be2 Ra8 45. Rd2 Ra2 46. Bc4 Ra1 47. Ke3 Rc1
48. Bg8 h5 49. Kd3 Rf1 50. Kc3 Rf3+ 51. Rd3 Nb5+ 52. Kc4 Nd4 53. Rxf3 Nxf3 54.
h4 Nd4 55. Kc3 f5 56. Bxb3 fxe4 57. Bd1 Nf5 58. b4 Kf6 59. b5 Ke7 60. Bxh5 Nxg3
61. Bg4 e3 62. Kd3 e2 63. Bxe2 e4+ 64. Kd2 Nf5 65. h5 Kd6 66. Bg4 Nh6 67. Bh3
Kc5 68. Ke3 Ng8 69. Bf1 Nf6 70. h6 Ng4+ 71. Kxe4 Nxh6 1/2-1/2

[Event "40th Olympiad Women"]
[Site "Istanbul TUR"]
[Date "2012.09.03"]
[Round "6.15"]
[Board "2"]
[White "Krush, Irina"]
[Black "Orlova, Yelizaveta"]
[Result "1-0"]
[WhiteTitle "IM"]
[BlackTitle "WCM"]
[WhiteElo "2467"]
[BlackElo "1947"]
[WhiteTeam "United States of America"]
[BlackTeam "Canada"]
[WhiteFideId "2012782"]
[BlackFideId "2601826"]
[EventDate "2012.08.28"]

1. d4 c5 2. d5 e5 3. e4 d6 4. h3 Be7 5. Nf3 Nd7 6. Nc3 Ngf6 7. a4 b6 8. a5 bxa5
9. Nd2 Nb6 10. Bb5+ Bd7 11. Bxd7+ Nfxd7 12. Nb3 Nc4 13. Qe2 Ndb6 14. Nxa5 Nxa5
15. Rxa5 O-O 16. O-O Kh8 17. Ra6 Qc8 18. Be3 f5 19. exf5 Qxf5 20. f3 h5 21. Rfa1
Rab8 22. Rxa7 Nc8 23. R7a2 g5 24. Nd1 Rb4 25. Nf2 Kg7 26. b3 Rh8 27. Ra4 Rb7 28.
Ne4 Re8 29. Qd2 Kg6 30. Qd3 Kf7 31. Nxg5+ Kg6 32. Ne4 Rg8 33. g4 hxg4 34. fxg4 1-0

[Event "40th Olympiad Women"]
[Site "Istanbul TUR"]
[Date "2012.09.03"]
[Round "6.15"]
[Board "3"]
[White "Botez, Alexandra"]
[Black "Foisor, Sabina-Francesca"]
[Result "0-1"]
[WhiteTitle "WCM"]
[BlackTitle "WGM"]
[WhiteElo "2009"]
[BlackElo "2356"]
[WhiteTeam "Canada"]
[BlackTeam "United States of America"]
[WhiteFideId "2603365"]
[BlackFideId "1212915"]
[EventDate "2012.08.28"]

1. d4 g6 2. Nf3 Bg7 3. Bf4 d6 4. e3 Nf6 5. h3 O-O 6. Be2 c5 7. c3 Qb6 8. Qb3 Be6
9. Qxb6 axb6 10. a3 Nc6 11. Nbd2 Na5 12. O-O Nb3 13. Nxb3 Bxb3 14. Nd2 Bd5 15.
f3 Bc6 16. Bg3 Bh6 17. f4 b5 18. Bd3 Rfe8 19. Rae1 e5 20. fxe5 Nh5 21. Bh4 cxd4
22. cxd4 dxe5 23. d5 Bxd5 24. Bxb5 Rec8 25. g4 g5 26. Rf5 Rc2 27. gxh5 gxh4 28.
Rf2 Rxb2 29. a4 Kh8 30. Kh2 Rg8 31. Ree2 Rc2 32. Bd7 Rd8 33. Bf5 Rc3 34. Nf1 Bc4
35. Re1 Bxf1 36. Rexf1 Bxe3 37. Rg2 Bf4+ 38. Kh1 Ra3 39. Bc2 Rxh3+ 0-1

[Event "40th Olympiad Women"]
[Site "Istanbul TUR"]
[Date "2012.09.03"]
[Round "6.15"]
[Board "4"]
[White "Goletiani, Rusudan"]
[Black "Lacau-Rodean, Iulia"]
[Result "1/2-1/2"]
[WhiteTitle "IM"]
[WhiteElo "2341"]
[BlackElo "1999"]
[WhiteTeam "United States of America"]
[BlackTeam "Canada"]
[WhiteFideId "13601105"]
[BlackFideId "1211285"]
[EventDate "2012.08.28"]

1. Nf3 Nf6 2. c4 g6 3. Nc3 Bg7 4. e4 d6 5. d4 O-O 6. Be2 e5 7. O-O Nc6 8. d5 Ne7
9. Ne1 Ne8 10. Nd3 b6 11. b4 f5 12. f3 f4 13. a4 g5 14. c5 h5 15. a5 bxc5 16.
bxc5 Nf6 17. cxd6 cxd6 18. Nf2 Rf7 19. Bd2 Ng6 20. Nb5 Bf8 21. a6 Nd7 22. Qc2
Nc5 23. Ba5 Qd7 24. Nc7 Rb8 25. Rfb1 Rxb1+ 26. Rxb1 Qd8 27. Qb2 Bxa6 28. Bxa6
Nxa6 29. Nxa6 Qxa5 30. Nb8 g4 31. Nc6 Qc5 32. Rc1 Qe3 33. fxg4 hxg4 34. Kh1 g3
35. Ng4 Qxe4 36. Nd8 Rf5 37. Qc2 Qxc2 38. Rxc2 e4 39. hxg3 fxg3 40. Ne3 Rf2 41.
Kg1 Rxc2 42. Nxc2 Nf4 43. Ne3 a5 44. Nc6 a4 45. Nb4 Nd3 46. Na2 Bh6 47. Nc4 e3
48. Kf1 e2+ 49. Kxe2 Nc1+ 50. Nxc1 Bxc1 51. Kd1 Bf4 52. Kc2 Be5 53. Nb6 a3 54.
Kb3 Bd4 55. Nc4 Bc5 56. Nd2 Kg7 57. Ne4 Kg6 58. Nxg3 Kf6 59. Ne4+ Ke5 60. Nxc5
dxc5 61. Kxa3 Kxd5 62. Kb3 1/2-1/2

[Event "40th Olympiad Women"]
[Site "Istanbul TUR"]
[Date "2012.09.03"]
[Round "6.16"]
[Board "4"]
[White "Cemhan, Kardelen"]
[Black "Newrkla, Katharina"]
[Result "1-0"]
[WhiteTitle "WCM"]
[BlackTitle "WFM"]
[WhiteElo "1938"]
[BlackElo "2165"]
[WhiteTeam "Turkey"]
[BlackTeam "Austria"]
[WhiteFideId "6325670"]
[BlackFideId "1621629"]
[EventDate "2012.08.28"]

1. e4 c5 2. Nf3 d6 3. d4 cxd4 4. Nxd4 Nf6 5. Nc3 a6 6. g3 e5 7. Nde2 Nbd7 8. Bg2
b5 9. a4 b4 10. Nd5 Nxd5 11. exd5 Be7 12. O-O O-O 13. c3 Rb8 14. cxb4 Rxb4 15.
Qc2 Qb6 16. Nc3 Nc5 17. a5 Qb7 18. Na4 Nb3 19. Ra2 Nd4 20. Qd1 Bf5 21. Nb6 Bd8
22. Bd2 Rb3 23. Bc3 Bxb6 24. axb6 Qxb6 25. Qd2 Rc8 26. h3 Rc4 27. Rfa1 Bc8 28.
Kh2 Bb7 29. f4 g6 30. Rf1 1-0

[Event "40th Olympiad Women"]
[Site "Istanbul TUR"]
[Date "2012.09.03"]
[Round "6.17"]
[Board "1"]
[White "Danielian, Elina"]
[Black "Lujan, Carolina"]
[Result "1/2-1/2"]
[WhiteTitle "GM"]
[BlackTitle "IM"]
[WhiteElo "2476"]
[BlackElo "2368"]
[WhiteTeam "Armenia"]
[BlackTeam "Argentina"]
[WhiteFideId "13300210"]
[BlackFideId "109878"]
[EventDate "2012.08.28"]

1. d4 Nf6 2. c4 g6 3. Nc3 d5 4. cxd5 Nxd5 5. Bd2 Nb6 6. Bf4 Bg7 7. e3 O-O 8. Rc1
c5 9. dxc5 Bxc3+ 10. bxc3 Qxd1+ 11. Rxd1 N6d7 12. Bh6 Re8 13. Bb5 Nc6 14. Nf3 a6
15. Bxc6 bxc6 16. Rd4 Nxc5 17. Rc4 Ne6 18. O-O c5 19. Ng5 Nxg5 20. Bxg5 f6 21.
Bh4 Be6 22. Rxc5 Rec8 23. Ra5 Rxc3 24. h3 Rac8 25. Rb1 Rc1+ 26. Rxc1 Rxc1+ 27.
Kh2 Rc6 28. Bg3 Kf7 29. a3 Bc4 30. Ra4 Bb5 31. Rb4 Rc4 1/2-1/2

[Event "40th Olympiad Women"]
[Site "Istanbul TUR"]
[Date "2012.09.03"]
[Round "6.17"]
[Board "3"]
[White "Galojan, Lilit"]
[Black "Fernandez, Maria Florencia"]
[Result "1-0"]
[WhiteTitle "IM"]
[WhiteElo "2349"]
[BlackElo "2160"]
[WhiteTeam "Armenia"]
[BlackTeam "Argentina"]
[WhiteFideId "13301314"]
[BlackFideId "116459"]
[EventDate "2012.08.28"]

1. Nf3 Nf6 2. c4 g6 3. g3 Bg7 4. Bg2 O-O 5. O-O d6 6. d4 c6 7. Nc3 Qb6 8. Qc2
Re8 9. e4 e5 10. d5 cxd5 11. cxd5 Bg4 12. Be3 Qc7 13. Rfc1 Qd7 14. Nd2 Rc8 15.
Qb3 Na6 16. f3 Bh3 17. Bxh3 Qxh3 18. Qxb7 Nc5 19. Bxc5 dxc5 20. Nc4 h5 21. Rc2
h4 22. Rg2 Nh5 23. Ne2 hxg3 24. hxg3 Rd8 25. Rh2 Qd7 26. Qxd7 Rxd7 27. Rd1 Rb8
28. g4 Nf4 29. Nxf4 exf4 30. e5 Re8 31. Re2 Red8 32. d6 Re8 33. g5 Re6 34. Rd5
f6 35. gxf6 Bxf6 36. Rxc5 Bd8 37. Rc8 Kf7 38. Rh2 Kg7 39. Kf1 g5 40. Ke2 Bb6 41.
Rch8 Rd8 42. R2h7+ Kg6 43. Rh6+ Kf5 44. Nxb6 axb6 45. Rxd8 Rxh6 46. Re8 Rh2+ 47.
Kd1 Rh1+ 48. Kd2 g4 49. fxg4+ Ke4 50. d7 1-0

[Event "40th Olympiad Women"]
[Site "Istanbul TUR"]
[Date "2012.09.03"]
[Round "6.18"]
[Board "1"]
[White "Foisor, Cristina-Adela"]
[Black "Zepeda, Lorena"]
[Result "1/2-1/2"]
[WhiteTitle "IM"]
[BlackTitle "WIM"]
[WhiteElo "2402"]
[BlackElo "2139"]
[WhiteTeam "Romania"]
[BlackTeam "El Salvador"]
[WhiteFideId "1200496"]
[BlackFideId "6700233"]
[EventDate "2012.08.28"]

1. Nf3 Nf6 2. g3 g6 3. b3 Bg7 4. Bb2 d6 5. d4 O-O 6. Bg2 Nbd7 7. O-O Ne4 8. c4
c5 9. Nfd2 Nxd2 10. Qxd2 Rb8 11. dxc5 Bxb2 12. Qxb2 Nxc5 13. Nc3 a6 14. b4 Ne6
15. h4 h5 16. Rfd1 b6 17. Nd5 Nc7 18. Nf4 Ne6 19. Nd3 Qc7 20. Rac1 Bb7 21. Bd5
Qd7 22. e4 Rfc8 23. Kh2 a5 24. a3 axb4 25. Nxb4 b5 26. cxb5 Qxb5 27. Rxc8+ Rxc8
28. Rc1 Rxc1 29. Qxc1 Nc5 30. Qg5 e6 31. Bxb7 Qxb7 32. Qd8+ Kg7 33. Qxd6 Nxe4
34. Qd4+ Nf6 35. Kg1 Qf3 36. a4 e5 37. Qd3 Qa8 38. Qc2 Ng4 39. Nc6 Qa6 40. Nb4
Qa5 41. Na2 Qe1+ 42. Kg2 f6 43. Nc3 Nxf2 44. Qxf2 Qxc3 45. Qa7+ Kh6 46. Qa8 Qc2+
47. Kg1 Qc1+ 48. Kf2 Qd2+ 49. Kg1 g5 50. a5 gxh4 51. gxh4 Qd1+ 52. Kf2 Qd2+ 53.
Kf1 Qf4+ 54. Ke2 e4 55. Qh8+ Kg6 56. Qe8+ Kh6 57. Qh8+ Kg6 58. Qe8+ Kh6 59. Qf8+
Kg6 60. Qg8+ Kh6 1/2-1/2

[Event "40th Olympiad Women"]
[Site "Istanbul TUR"]
[Date "2012.09.03"]
[Round "6.18"]
[Board "2"]
[White "Sanchez, Ingrid"]
[Black "Bulmaga, Irina"]
[Result "0-1"]
[WhiteTitle "WCM"]
[BlackTitle "WIM"]
[WhiteElo "1992"]
[BlackElo "2380"]
[WhiteTeam "El Salvador"]
[BlackTeam "Romania"]
[WhiteFideId "6700217"]
[BlackFideId "13903063"]
[EventDate "2012.08.28"]

1. e4 c5 2. Nf3 d6 3. Bc4 Nf6 4. e5 dxe5 5. Nxe5 e6 6. Qe2 Be7 7. O-O O-O 8. Re1
Bd7 9. c3 Nc6 10. f4 Nxe5 11. fxe5 Nd5 12. d3 Bc6 13. Qg4 Kh8 14. Nd2 b5 15. Bb3
c4 16. Bd1 cxd3 17. Nf3 f5 18. exf6 Nxf6 19. Qd4 Bd5 20. Qxd3 Qc7 21. Bb3 Bc5+
22. Be3 Be4 23. Qxb5 Bd6 24. Rad1 Bxf3 25. Rxd6 Qxd6 26. gxf3 Rac8 27. Bxa7 Nd5
28. Qd3 Qf4 29. Bd4 Qg5+ 30. Kh1 Nf4 31. Qd2 Qh5 32. Qe3 e5 33. Bxe5 Rce8 34.
Bxf4 Rxe3 35. Bxe3 Qxf3+ 36. Kg1 h5 37. Bd1 Qf5 0-1

[Event "40th Olympiad Women"]
[Site "Istanbul TUR"]
[Date "2012.09.03"]
[Round "6.18"]
[Board "3"]
[White "Cosma, Elena-Luminita"]
[Black "Avelar, Gabriela"]
[Result "1-0"]
[WhiteTitle "WGM"]
[BlackTitle "WFM"]
[WhiteElo "2352"]
[BlackElo "1939"]
[WhiteTeam "Romania"]
[BlackTeam "El Salvador"]
[WhiteFideId "1201590"]
[BlackFideId "6700667"]
[EventDate "2012.08.28"]

1. d4 Nf6 2. Nf3 g6 3. g3 Bg7 4. Bg2 d6 5. O-O O-O 6. b3 Nbd7 7. Bb2 c6 8. Nbd2
Qc7 9. e4 e5 10. a4 b6 11. Re1 Bb7 12. dxe5 dxe5 13. Nc4 Rfd8 14. Qd6 Qc8 15.
Qa3 c5 16. Nd6 Qc7 17. Nxb7 Qxb7 18. Nxe5 Qc7 19. Nc4 Rab8 20. Rad1 Ne8 21. Qa1
Nf8 22. Bxg7 Nxg7 23. Ne3 Nh5 24. Nd5 Qb7 25. Bf3 Ng7 26. Qf6 Re8 27. Qc3 Nd7
28. e5 Qc8 29. Bg4 Ne6 30. Bxe6 Rxe6 31. Nf4 Re7 32. e6 Nf8 33. Nd5 Rxe6 34.
Rxe6 Qxe6 35. Nf6+ Kh8 36. Nd7+ 1-0

[Event "40th Olympiad Women"]
[Site "Istanbul TUR"]
[Date "2012.09.03"]
[Round "6.18"]
[Board "4"]
[White "Garcia, Alcira"]
[Black "L'Ami, Alina"]
[Result "0-1"]
[BlackTitle "WGM"]
[WhiteElo "1782"]
[BlackElo "2372"]
[WhiteTeam "El Salvador"]
[BlackTeam "Romania"]
[WhiteFideId "6702945"]
[BlackFideId "1210246"]
[EventDate "2012.08.28"]

1. e4 c5 2. Nf3 d6 3. d4 cxd4 4. Nxd4 Nf6 5. Nc3 a6 6. Be2 e5 7. Nb3 Be7 8. O-O
O-O 9. a4 Be6 10. Kh1 d5 11. exd5 Nxd5 12. Nxd5 Bxd5 13. Be3 Nc6 14. c4 Be4 15.
Nc5 Bxc5 16. Bxc5 Re8 17. f3 Bf5 18. b4 Rc8 19. a5 Qg5 20. Qc1 Qg6 21. g4 Be6
22. Qe3 f5 23. gxf5 Bxf5 24. Rg1 Qf6 25. Rad1 Nd4 26. Bd3 Nxf3 27. Rg3 e4 28.
Be2 Bg6 29. Rd6 Qh4 30. Qf2 Qf4 31. b5 Qe5 32. Bb4 axb5 33. cxb5 Rc1+ 34. Rd1
Rxd1+ 35. Bxd1 Qxb5 36. Bb3+ Kh8 37. Qg2 Qxb4 38. Rxg6 Qe1+ 0-1

[Event "40th Olympiad Women"]
[Site "Istanbul TUR"]
[Date "2012.09.03"]
[Round "6.19"]
[Board "1"]
[White "Vovk, Oksana"]
[Black "Sedina, Elena"]
[Result "0-1"]
[WhiteTitle "WIM"]
[BlackTitle "IM"]
[WhiteElo "2159"]
[BlackElo "2338"]
[WhiteTeam "Denmark"]
[BlackTeam "Italy"]
[WhiteFideId "1404695"]
[BlackFideId "812153"]
[EventDate "2012.08.28"]

1. d4 d5 2. c4 dxc4 3. Nf3 Nf6 4. Nc3 c6 5. e3 b5 6. a4 b4 7. Nb1 Ba6 8. Be2 e6
9. Ne5 Be7 10. O-O O-O 11. Nxc4 Nbd7 12. Nbd2 c5 13. dxc5 Nxc5 14. Qc2 Rc8 15.
b3 Nd5 16. Bb2 Bf6 17. Bxf6 Qxf6 18. Rfe1 Qc3 19. Rac1 Qxc2 20. Rxc2 Nc3 21. Bf1
Nxb3 22. Nxb3 Bxc4 23. Bxc4 Rxc4 24. a5 Rd8 25. Kf1 g6 26. Ra1 a6 27. Nd4 Rdc8
28. Nb3 Rd8 29. Nd4 Rdc8 30. Nb3 Kg7 31. Rac1 h5 32. h3 h4 33. Ke1 Rd8 34. Nd4
Rc5 35. Rd2 Rcd5 36. Nb3 Rxd2 37. Nxd2 Rd5 38. Nb3 Kf6 39. Ra1 Ke7 40. Nd4 Kd6
41. f4 f6 42. Kf2 Rxd4 43. exd4 b3 44. Rc1 b2 45. Rxc3 b1=Q 46. Re3 Qa2+ 47. Kf3
Qd5+ 48. Ke2 Qxg2+ 0-1

[Event "40th Olympiad Women"]
[Site "Istanbul TUR"]
[Date "2012.09.03"]
[Round "6.19"]
[Board "2"]
[White "Zimina, Olga"]
[Black "Guindy, Esmat"]
[Result "1-0"]
[WhiteTitle "IM"]
[BlackTitle "WFM"]
[WhiteElo "2327"]
[BlackElo "2132"]
[WhiteTeam "Italy"]
[BlackTeam "Denmark"]
[WhiteFideId "4132190"]
[BlackFideId "1401637"]
[EventDate "2012.08.28"]

1. c4 e6 2. Nf3 d5 3. g3 Nf6 4. Bg2 Be7 5. O-O O-O 6. d4 dxc4 7. Qc2 a6 8. a4 c5
9. Qxc4 b5 10. Qc2 Bb7 11. dxc5 Nc6 12. Rd1 Qc8 13. Bd2 b4 14. a5 Rd8 15. Ra4
Qc7 16. Rc1 Rac8 17. Bxb4 Nxb4 18. Rxb4 Bxc5 19. Rc4 Be4 20. Qc3 Bxf2+ 21. Kxf2
Qxc4 22. Qxc4 Rxc4 23. Rxc4 Bxb1 24. Ne5 h5 25. Rc6 Rd2 26. Rxa6 Rxb2 27. Rb6
Ne4+ 28. Bxe4 Rxb6 29. axb6 Bxe4 30. Nd7 1-0

[Event "40th Olympiad Women"]
[Site "Istanbul TUR"]
[Date "2012.09.03"]
[Round "6.19"]
[Board "3"]
[White "Fredericia, Louise"]
[Black "Brunello, Marina"]
[Result "0-1"]
[WhiteTitle "WFM"]
[BlackTitle "WIM"]
[WhiteElo "2091"]
[BlackElo "2239"]
[WhiteTeam "Denmark"]
[BlackTeam "Italy"]
[WhiteFideId "1404113"]
[BlackFideId "822590"]
[EventDate "2012.08.28"]

1. c4 c5 2. g3 g6 3. Bg2 Bg7 4. Nc3 e6 5. a3 Nc6 6. b4 d6 7. Rb1 Nf6 8. Nf3 O-O
9. O-O Rb8 10. d3 h6 11. bxc5 dxc5 12. Bf4 Ra8 13. Ne5 Na5 14. Bd2 Nd7 15. Nxd7
Bxd7 16. Bxb7 Nxb7 17. Rxb7 Bc6 18. Rb3 f5 19. Be3 Qe7 20. Qc1 g5 21. f4 gxf4
22. Bxf4 Kh7 23. Qe1 Rad8 24. Qf2 Bd4 25. Be3 f4 26. Bxd4 fxg3 27. Qf6 Rxf6 28.
Bxf6 gxh2+ 29. Kxh2 Qd6+ 30. Kh3 Rg8 31. Ne4 Qf8 32. Rf4 Qe8 33. Bh4 Bxe4 34.
dxe4 Qh5 35. Rb7+ Rg7 36. Rxg7+ Kxg7 37. Rg4+ Kf7 38. Rf4+ Kg7 39. e5 Qxe5 40.
Rg4+ Kf7 41. e4 h5 42. Rg5 Qxe4 43. Bf2 Qh1+ 44. Kg3 h4+ 45. Kf4 Qf1 0-1

[Event "40th Olympiad Women"]
[Site "Istanbul TUR"]
[Date "2012.09.03"]
[Round "6.19"]
[Board "4"]
[White "De Rosa, Mariagrazia"]
[Black "Jorgensen, Carina Eilegaard"]
[Result "1-0"]
[WhiteTitle "WFM"]
[WhiteElo "2087"]
[BlackElo "2012"]
[WhiteTeam "Italy"]
[BlackTeam "Denmark"]
[WhiteFideId "815136"]
[BlackFideId "1419897"]
[EventDate "2012.08.28"]

1. e4 d6 2. d4 Nf6 3. Nc3 g6 4. Nf3 Bg7 5. Be2 O-O 6. O-O c6 7. a4 Nbd7 8. h3 e5
9. dxe5 dxe5 10. Be3 Qe7 11. Qd3 b6 12. Qc4 Bb7 13. Rfd1 a6 14. Qd3 Nc5 15. Qc4
Nfd7 16. b4 Ne6 17. a5 b5 18. Qd3 Rfd8 19. Qd6 Qxd6 20. Rxd6 Bf8 21. Rxd7 Rxd7
22. Nxe5 Rdd8 23. Nd3 Rxd3 24. Bxd3 Bxb4 25. Ne2 Nc5 26. c3 Nxd3 27. cxb4 Nxb4
28. Rd1 c5 29. Bxc5 Nc2 30. f3 Rc8 31. Bb6 b4 32. Nd4 Na3 33. Nb3 Bc6 34. Nc5
Bb5 35. Kf2 Bc4 36. Rc1 Ra8 37. Nd7 b3 38. Bd4 Rd8 39. Nf6+ Kg7 40. Nd5+ Kh6 41.
Bb2 Nc2 42. Rd1 f5 43. g4 Rd6 44. h4 fxg4 45. fxg4 Bxd5 46. Rxd5 Rxd5 47. exd5
g5 48. d6 Nb4 49. d7 Nc6 50. h5 Nd8 51. Ke3 Ne6 52. Ke2 Nd8 53. Kd1 Ne6 54. Bf6
Nd4 55. d8=Q b2 56. Qf8# 1-0

[Event "40th Olympiad Women"]
[Site "Istanbul TUR"]
[Date "2012.09.03"]
[Round "6.20"]
[Board "1"]
[White "Pourkashiyan, Atousa"]
[Black "Petrenko, Svetlana"]
[Result "1-0"]
[WhiteTitle "WGM"]
[BlackTitle "IM"]
[WhiteElo "2313"]
[BlackElo "2199"]
[WhiteTeam "Iran"]
[BlackTeam "Moldova"]
[WhiteFideId "12502014"]
[BlackFideId "13900196"]
[EventDate "2012.08.28"]

1. e4 c5 2. Nf3 Nc6 3. d4 cxd4 4. Nxd4 Qb6 5. Nb3 e6 6. Bd3 Nf6 7. Nc3 a6 8. O-O
Ne5 9. Kh1 Nfg4 10. Qe2 h5 11. f4 Nxd3 12. cxd3 a5 13. h3 a4 14. Nd2 Bc5 15. Nc4
Qc6 16. Ne5 Nxe5 17. fxe5 Bd4 18. Qf3 O-O 19. Qxh5 Bxc3 20. bxc3 Qxc3 21. Be3
Ra5 22. Rac1 Qxe5 23. Qh4 f6 24. Rc2 d6 25. Rc7 f5 26. Bh6 Rc5 27. Rxg7+ Qxg7
28. Bxg7 Kxg7 29. Qg3+ Kf7 30. Qxd6 Rc2 31. exf5 exf5 32. Qd5+ Kg6 33. Rf3 Rc1+
34. Kh2 Rc6 35. Rg3+ 1-0

[Event "40th Olympiad Women"]
[Site "Istanbul TUR"]
[Date "2012.09.03"]
[Round "6.20"]
[Board "2"]
[White "Baciu, Diana"]
[Black "Khademalsharieh, Sarasadat"]
[Result "1/2-1/2"]
[WhiteTitle "WFM"]
[BlackTitle "WIM"]
[WhiteElo "2186"]
[BlackElo "2270"]
[WhiteTeam "Moldova"]
[BlackTeam "Iran"]
[WhiteFideId "13903284"]
[BlackFideId "12512214"]
[EventDate "2012.08.28"]

1. e4 e5 2. Nf3 Nc6 3. Bc4 Nf6 4. d3 h6 5. h3 d6 6. a4 g6 7. Nc3 Bg7 8. Be3 O-O
9. O-O Qe7 10. Nh2 Kh7 11. Ng4 Ng8 12. f4 f5 13. exf5 Bxf5 14. fxe5 Nxe5 15.
Nxe5 Bxe5 16. Qd2 Be6 17. Nd5 Qd7 18. d4 Bg7 19. Qd3 c6 20. Nf4 Bf5 21. Qd2 d5
22. Bd3 Rae8 23. Bxf5 Rxf5 24. Nd3 Ref8 25. Qe2 Qe6 26. Rxf5 Rxf5 27. c3 Rf8 28.
Re1 Re8 29. Qd2 Nf6 30. Bf4 Ne4 31. Qd1 h5 32. Be5 Bh6 33. Rf1 Rf8 34. Rxf8 Bxf8
35. Qf3 Kg8 36. Qf4 Qf7 37. Qe3 Qf5 38. Nf2 Nxf2 39. Qxf2 Qxf2+ 40. Kxf2 Bh6 41.
b3 Kf7 42. g4 Ke6 43. Ke2 Bg5 44. Kd3 a6 45. c4 Be7 1/2-1/2